Cuentos hispanoamericanos. Antología
Guardat en:
| Autor principal: | |
|---|---|
| Format: | Llibre |
| Idioma: | espanyol |
| Publicat: |
Santiago
Universitaria
2004
Santiago Imprenta Salesianos 2004 |
| Edició: | 26a. ed |
| Col·lecció: | Literatura
|
| Matèries: | |
| Accés en línia: | portada |
| Etiquetes: |
Afegir etiqueta
Sense etiquetes, Sigues el primer a etiquetar aquest registre!
|
MARC
| LEADER | 00000nam a2200000 a 4500 | ||
|---|---|---|---|
| 001 | UCJ8840 | ||
| 003 | CL-VaPUC | ||
| 005 | 20250312124214.0 | ||
| 008 | 070124e20041100cl |||||||||||||||||spa|d | ||
| 999 | |c 324489 |d 324487 | ||
| 020 | |a 9561115093 | ||
| 040 | |c Pontificia Universidad Católica de Valparaíso | ||
| 082 | 0 | 4 | |a H863 |b ROD |2 21 |
| 100 | 0 | |a Rodríguez Fernández, Mario |e author |9 518241 | |
| 245 | 1 | 0 | |a Cuentos hispanoamericanos. Antología |
| 246 | 1 | 0 | |a Selección, Prólogo y notas de Mario Rodríguez Fernández |
| 250 | |a 26a. ed | ||
| 260 | |a Santiago |b Universitaria |c 2004 | ||
| 260 | |a Santiago |b Imprenta Salesianos |c 2004 | ||
| 300 | |a 467 p | ||
| 490 | 0 | |a Literatura | |
| 500 | |a Mario Rodríguez es profesor de Castellano y licenciado en Filología Románica por la Universidad de Chile. Actualmente, se desempeña como profesor de Literatura hispanoamericana en la Universidad de Concepción y es director de la revista Atenea de dicha casa de estudios | ||
| 500 | |a Esta nueva colección presenta, por una parte, un abandono de las rígidas categorizaciones generacionales y, por otra, se visualiza el desarrollo del cuento hispanoamericano en la llamada "doble tentación": la del cosmopolitanismo y americanismo; la Europa y América en una relación tremenda y terrible, opuesta y unida, ferozmente prístina y nueva, opuesta y unida, una relación de amor y odio, de lealtad y rebeldía, única en la literatura | ||
| 583 | |a last modification |c 20171220 05:09:43 |k Rodrigo Vera | ||
| 600 | 0 | 7 | |a ECHEVERRIA, ESTEBAN |2 CL-VaPUC |9 356322 |
| 600 | 0 | 7 | |a CARRASQUILLA, TOMAS |2 CL-VaPUC |9 518242 |
| 600 | 0 | |a Lillo, Baldomero, |d 1867-1923 |9 860665 | |
| 600 | 0 | |a Quiroga, Horacio |9 371721 | |
| 600 | 0 | |a Lazo Baeza, Olegario |d 1878-1964 |9 518243 | |
| 600 | 0 | 7 | |a DARIO, RUBEN |2 CL-VaPUC |9 268402 |
| 600 | 0 | |a Emar, Juan |9 454978 | |
| 600 | 0 | 7 | |a ROJAS, MANUEL |2 CL-VaPUC |9 313776 |
| 600 | 0 | |a Borges, Jorge Luis |e autor |9 322093 | |
| 600 | 0 | 7 | |a CARPENTIER, ALEJO |2 CL-VaPUC |9 317536 |
| 600 | 0 | 7 | |a USLAR PIETRI, ARTURO |2 CL-VaPUC |9 518244 |
| 600 | 0 | 7 | |a BOSCH Y GAVIÑO, JUAN EMILIO |2 CL-VaPUC |9 314664 |
| 600 | 0 | |a Bombal, María Luisa, |d 1910-1980 |e autora |9 307961 | |
| 600 | 0 | |a Cortázar, Julio, |d 1914-1984 |9 347319 | |
| 600 | 0 | 7 | |a ARREOLA, JUAN JOSÉ |2 CL-VaPUC |9 518245 |
| 600 | 0 | 7 | |a RULFO, JUAN |2 CL-VaPUC |9 318391 |
| 600 | 0 | 7 | |a BENEDETTI, MARIO |2 CL-VaPUC |9 518246 |
| 600 | 0 | 7 | |a Monterroso, Augusto, |d 1921-2003 |9 867026 |
| 600 | 0 | 7 | |a DONOSO, JOSÉ |2 CL-VaPUC |9 313758 |
| 600 | 0 | 7 | |a GARCÍA MÁRQUEZ, GABRIEL |2 CL-VaPUC |9 318478 |
| 600 | 0 | 7 | |a EDWARDS, JORGE |2 CL-VaPUC |9 371556 |
| 600 | 0 | 7 | |a VARGAS LLOSA, MARIO |2 CL-VaPUC |9 318800 |
| 600 | 0 | 7 | |a FERRE, ROSARIO |2 CL-VaPUC |9 518248 |
| 600 | 0 | 7 | |a VALENZUELA, LUISA |2 CL-VaPUC |9 518249 |
| 600 | 0 | 7 | |a PIER-ROSSI, CRISTINA |2 CL-VaPUC |9 518250 |
| 600 | 0 | 7 | |a Pacheco, José Emilio, |d 1939-2014 |9 879821 |
| 600 | 0 | 7 | |a SKARMETA, ANTONIO |2 CL-VaPUC |9 518251 |
| 600 | 0 | 7 | |a BRYCE ECHENIQUE, ALFREDO |2 CL-VaPUC |9 518252 |
| 600 | 0 | 7 | |a ARENAS, REINALDO |2 CL-VaPUC |9 518253 |
| 600 | 0 | 7 | |a PIGLIA, RICARDO |2 CL-VaPUC |9 493172 |
| 650 | 0 | |a Literatura latinoamericana |9 309997 | |
| 650 | 0 | |a Romanticismo |9 266698 | |
| 650 | 0 | |a Realismo |9 259117 | |
| 650 | 0 | |a Naturalismo |9 346334 | |
| 650 | 0 | |a Modernismo |9 267987 | |
| 650 | 7 | |a SUPERREALISMO |2 CL-VaPUC |9 345533 | |
| 856 | 7 | |f UCJ8840_01.jpg |u http://opac.pucv.cl/pucv_img/Img-8500/UCJ8840_01.jpg |q JEPG |2 file |z portada | |
| 942 | |c BK |2 ddc | ||
| 945 | |d 20070124 00:00:00 |a fvergara | ||
| 952 | |0 0 |1 0 |4 0 |6 H_863_000000000000000_ROD_2004_2004 |7 0 |8 X |9 404711 |a FDOBUD |b FDOBUD |d 2019-11-22 |i 1084755 |o H863 ROD 2004 2004 |p 1084755 |r 2019-11-22 |w 2019-11-22 |y BK_X |k BUD | ||